Prueba de Regiones de Chile: Antofagasta - Estadísticas

Estadísticas generales
  • Esta prueba ha sido intentada 34 veces
  • La puntuación promedio es 12 de 17
Estadísticas de respuestas
Pregunta Respuesta % Correcto
Capital Antofagasta
100%
Provincias Antofagasta
100%
Famoso futbolista que juega en el Inter de Milán nacido en esta región Alexis Sánchez
86%
Segunda ciudad más grande de la región Calama
86%
Principal actividad económica Minería
86%
Río más largo de Chile Río Loa
81%
Tocopilla
81%
Famoso pueblo turístico conocido por sus paisajes y su cultura San Pedro de Atacama
76%
Pueblo Indígena Mayoritario Atacameño o Lickanantay
71%
Famosa mina ubicada en las cercanías de la ciudad anterior Chuquicamata
71%
Grupo de géiseres más grande del hemisferio sur Géiseres del Tatio
71%
El Loa
67%
Línea imaginaria que cruza la región Trópico de Capricornio
67%
Islote cercano a la capital regional nombrado Monumento Natural Monumento Natural La Portada
52%
Observatorio astronómico ubicado en la comuna de Taltal Observatorio Paranal
48%
Volcán más activo del norte de Chile Volcán Láscar
48%
Pueblo más seco del mundo según registros pluviométricos Quillagua
38%
No se encontraron pruebas coincidentes
Distribución de puntuación
Porcentaje de gente con cada puntuación
Porcentaje por número respondido
Historial de tus puntuaciones
No has intentado esta prueba.